000 01294nam a2200241Ia 4500
999 _c51209
_d51209
001 18168
003 GE_BSU
005 20250130162052.0
008 181216s2007||||ge |||||||||||||| ||geo||
020 _a9789941120947
040 _cGE_BSU
041 _ageo
080 _a81'373.234(=352.2) ბ-25
100 _aბარბაქაძე, კარლო
_924199
245 _aკავკასიური ენების ხორუმი /
_cკარლო ბარბაქაძე.
264 _aთბილისი :
_bუნივერსალი,
_c2007.
300 _a76 გვ. ;
_bილ. გარეკანზე;
_c20 სმ.
504 _aბიბლიოგრ.: გვ. 73-74.
653 _aაფხაზური ენის შედარებითი ლექსიკოლოგია
653 _aკავკასიური ენების ხორუმი
653 _aქართული ენის შედარებითი ლექსიკოლოგია; ოსური ენის შედარებითი ლექსიკოლოგია; შედარებითი ლექსიკოლოგია; ტიპოლოგიური ლინგვისტიკა
942 _cBK
_2udc